[Event "Madrid-ch U16"]
[Site "Madrid"]
[Date "2016.04.16"]
[Round "1"]
[White "Andrade Sandoval, Jim Carlos"]
[Black "Fernandez Rodriguez, Fernando Javier"]
[Result "1-0"]
[WhiteElo "1921"]
[BlackElo "2019"]
[PlyCount "95"]
[EventDate "2016.04.16"]
[EventType "tourn"]
[EventRounds "7"]
[EventCountry "ESP"]
[SourceTitle "CBM 172 Extra"]
[Source "ChessBase"]
[SourceDate "2016.06.21"]
[SourceVersion "1"]
[SourceVersionDate "2016.06.21"]
[SourceQuality "1"]

1. c3 Nf6 2. Nf3 g6 3. d4 Bg7 4. Bf4 0-0 5. Nbd2 d6 6. Qc2 c5 7. e3 Nc6 8. Bd3 cxd4 9. exd4 e5 10. dxe5 dxe5 11. Bg5 Qe8 12. 0-0 Nd5 13. Rfe1 h6 14. Be3 Nxe3 15. Rxe3 Qd8 16. Nc4 Qc7 17. Rae1 Re8 18. Qe2 Bg4 19. Be4 Rad8 20. Bxc6 bxc6 21. Ncxe5 Rxe5 22. Rxe5 Bxe5 23. Qxe5 Qxe5 24. Nxe5 Be6 25. Nxc6 Rd2 26. b4 Rxa2 27. h3 Ra3 28. Re3 Ra1+ 29. Kh2 g5 30. Nd4 Bd5 31. Nf5 Kh7 32. Re5 Be6 33. Nd4 Bc4 34. Rc5 Bd3 35. Rc7 Bg6 36. Nc6 Rf1 37. f3 Rc1 38. Nxa7 h5 39. b5 Rb1 40. c4 g4 41. hxg4 hxg4 42. fxg4 Kh6 43. c5 Rb2 44. Re7 Bd3 45. c6 Bf1 46. Kg1 Bxg2 47. Rxf7 Kg6 48. Rf2 1-0

[Event "Madrid-chT 1516"]
[Site "Madrid"]
[Date "2016.02.28"]
[Round "12.15"]
[White "Martin Rueda, Daniel"]
[Black "Fernandez Rodriguez, Fernando Javier"]
[Result "1/2-1/2"]
[WhiteElo "2291"]
[BlackElo "1952"]
[PlyCount "107"]
[EventDate "2015.11.22"]
[EventType "team-tourn"]
[EventRounds "14"]
[EventCountry "ESP"]
[SourceTitle "EXT 2017"]
[Source "ChessBase"]
[SourceDate "2016.10.25"]
[SourceVersion "1"]
[SourceVersionDate "2016.10.25"]
[SourceQuality "1"]
[WhiteTeam "Liberty Chess"]
[BlackTeam "Blanco y Negro"]
[WhiteTeamCountry "ESP"]
[BlackTeamCountry "ESP"]

1. d4 Nf6 2. Bg5 Ne4 3. Bf4 d6 4. Nd2 Nf6 5. e4 g6 6. Ngf3 Bg7 7. h3 0-0 8. c3 c5 9. dxc5 dxc5 10. Qc2 b6 11. Bc4 e6 12. 0-0 Nc6 13. Rfd1 Nd7 14. Bb5 Nce5 15. Bxd7 Nxf3+ 16. Nxf3 Bxd7 17. Ne5 Bxe5 18. Bxe5 f6 19. Bd6 Rf7 20. Bg3 e5 21. Rd6 Qe8 22. Rad1 Bc6 23. f3 Kg7 24. Qd2 Rc8 25. Bf2 Rcc7 26. Be3 h5 27. Qf2 Rfd7 28. Kh2 Rxd6 29. Rxd6 Qe7 30. Qd2 Rd7 31. Bh6+ Kh7 32. Rxd7 Qxd7 33. Qxd7+ Bxd7 34. Bf8 c4 35. g4 hxg4 36. hxg4 g5 37. Be7 Kg7 38. Bd8 Be6 39. Kg3 b5 40. Kf2 Kf7 41. Ke2 Kg7 42. Kd2 Kf7 43. Kc2 a6 44. b3 cxb3+ 45. axb3 Kg7 46. Kb2 Kf7 47. Ka3 Kg6 48. Kb4 Bf7 49. c4 bxc4 50. bxc4 Be6 51. Kc5 Kf7 52. Kb4 Kg6 53. Bb6 Kf7 54. Bd8 1/2-1/2

[Event "Madrid-ch sf-B"]
[Site "Madrid"]
[Date "2015.03.21"]
[Round "7"]
[White "Fernandez Rodriguez, Fernando Javier"]
[Black "Herranz Sanchez, Pablo"]
[Result "0-1"]
[WhiteElo "1746"]
[BlackElo "1899"]
[PlyCount "108"]
[EventDate "2015.03.05"]
[EventType "swiss"]
[EventRounds "9"]
[EventCountry "ESP"]
[SourceTitle "CBM 165 Extra"]
[Source "ChessBase"]
[SourceDate "2015.04.21"]
[SourceVersion "1"]
[SourceVersionDate "2015.04.21"]
[SourceQuality "1"]

1. d4 Nf6 2. c4 e6 3. Nc3 Bb4 4. e3 b6 5. Nge2 Bb7 6. a3 Be7 7. d5 e5 8. Ng3 d6 9. Nf5 0-0 10. Nxe7+ Qxe7 11. e4 h6 12. Be2 Nbd7 13. Qc2 a5 14. Be3 Nc5 15. 0-0 Bc8 16. h3 Nh7 17. g4 Qh4 18. Kg2 Qe7 19. b4 Nb7 20. f4 exf4 21. Bxf4 h5 22. Rae1 axb4 23. axb4 Bd7 24. e5 hxg4 25. hxg4 dxe5 26. Bd3 g6 27. Rxe5 Qh4 28. Rh1 Qxg4+ 29. Bg3 f5 30. Qe2 Qxe2+ 31. Nxe2 Rf7 32. Nf4 Ra2+ 33. Re2 Rxe2+ 34. Nxe2 c5 35. b5 g5 36. Be5 Re7 37. Bb2 Re3 38. Rh3 Rxh3 39. Kxh3 Kf7 40. Ng3 Kg6 41. Kg2 Nf6 42. Kf3 Ng4 43. Bc3 Nd6 44. Bb2 Nf7 45. Nf1 Nge5+ 46. Ke2 Nxd3 47. Kxd3 f4 48. Nd2 Kf5 49. Ke2 g4 50. Kf2 Nd6 51. Kg2 f3+ 52. Kh2 Kf4 53. Nf1 Nxc4 54. Bc1+ Ke4 0-1

[Event "Madrid-ch sf-B"]
[Site "Madrid"]
[Date "2015.03.20"]
[Round "6"]
[White "Fernandez Rodriguez, Fernando Javier"]
[Black "Largo Barbero, Benito"]
[Result "1-0"]
[WhiteElo "1746"]
[BlackElo "1961"]
[PlyCount "103"]
[EventDate "2015.03.05"]
[EventType "swiss"]
[EventRounds "9"]
[EventCountry "ESP"]
[SourceTitle "CBM 165 Extra"]
[Source "ChessBase"]
[SourceDate "2015.04.21"]
[SourceVersion "1"]
[SourceVersionDate "2015.04.21"]
[SourceQuality "1"]

1. d4 Nf6 2. c4 g6 3. Nc3 Bg7 4. e4 d6 5. h3 0-0 6. Be3 c6 7. Nf3 Qe8 8. a3 a6 9. Be2 Nbd7 10. e5 dxe5 11. dxe5 Nh5 12. g4 b5 13. gxh5 Bb7 14. c5 Rd8 15. Qb3 Nxe5 16. Nxe5 Bxe5 17. Bh6 Bg7 18. Bxg7 Kxg7 19. Rd1 Bc8 20. Rxd8 Qxd8 21. Ne4 Qc7 22. Qc3+ f6 23. Qg3 Qxg3 24. Nxg3 Rd8 25. hxg6 hxg6 26. h4 Rd5 27. Ne4 f5 28. Nc3 Rxc5 29. Kd2 Re5 30. f4 Re6 31. b4 c5 32. Bf3 cxb4 33. axb4 Rd6+ 34. Ke3 Rd8 35. Ne2 Kf6 36. Rc1 Rh8 37. Rc6+ Kf7 38. Bd5+ Kg7 39. Rc7 Kf6 40. Nd4 Rd8 41. Bb3 Bd7 42. Nf3 Be8 43. Ne5 a5 44. Nc6 Rd6 45. Nxe7 Bd7 46. Nd5+ Kg7 47. bxa5 Kh6 48. Kd4 Be8 49. Ke5 Rc6 50. Rxc6 Bxc6 51. Bd1 Bb7 52. Nb4 1-0

[Event "Madrid-ch sf-B"]
[Site "Madrid"]
[Date "2015.03.07"]
[Round "3"]
[White "Fernandez Rodriguez, Fernando Javier"]
[Black "Hinojar Diez, David"]
[Result "0-1"]
[WhiteElo "1746"]
[BlackElo "2164"]
[PlyCount "62"]
[EventDate "2015.03.05"]
[EventType "swiss"]
[EventRounds "9"]
[EventCountry "ESP"]
[SourceTitle "CBM 165 Extra"]
[Source "ChessBase"]
[SourceDate "2015.04.21"]
[SourceVersion "1"]
[SourceVersionDate "2015.04.21"]
[SourceQuality "1"]

1. d4 Nf6 2. c4 e6 3. Nc3 Bb4 4. e3 b6 5. Bd3 Bb7 6. Nge2 0-0 7. 0-0 d5 8. cxd5 exd5 9. Nf4 Re8 10. a3 Bd6 11. Qf3 c6 12. Bd2 Qe7 13. Qh3 Ne4 14. Nxe4 dxe4 15. Bc2 Bc8 16. Qh5 Nd7 17. Bb3 Nf6 18. Qh4 Bd7 19. Kh1 a5 20. Nh5 Nxh5 21. Qxh5 a4 22. Ba2 g6 23. Qe2 Qh4 24. g3 Qh3 25. Rfc1 Bg4 26. Qf1 Bf3+ 27. Kg1 Qd7 28. d5 c5 29. Bc4 Re5 30. Bc3 Rh5 31. Bf6 Qf5 0-1

[Event "Madrid-ch sf-B"]
[Site "Madrid"]
[Date "2015.03.05"]
[Round "1"]
[White "Vukotic Jovsic, Dragan"]
[Black "Fernandez Rodriguez, Fernando Javier"]
[Result "1-0"]
[WhiteElo "1986"]
[BlackElo "1746"]
[PlyCount "121"]
[EventDate "2015.03.05"]
[EventType "swiss"]
[EventRounds "9"]
[EventCountry "ESP"]
[SourceTitle "CBM 165 Extra"]
[Source "ChessBase"]
[SourceDate "2015.04.21"]
[SourceVersion "1"]
[SourceVersionDate "2015.04.21"]
[SourceQuality "1"]

1. d4 Nf6 2. Nf3 g6 3. Bf4 Bg7 4. e3 d6 5. Be2 Nh5 6. Bg5 h6 7. Bh4 c5 8. c3 Qb6 9. Qb3 Qxb3 10. axb3 g5 11. Nfd2 Nf6 12. Bg3 Nc6 13. Na3 cxd4 14. exd4 Bf5 15. Nb5 0-0 16. Bf3 a6 17. Nc7 Rac8 18. Nd5 Nxd5 19. Bxd5 Bd3 20. Bc4 Bxc4 21. Nxc4 f5 22. d5 Ne5 23. Bxe5 Bxe5 24. Nxe5 dxe5 25. h4 g4 26. 0-0 Rc5 27. Rad1 Rd8 28. c4 b5 29. Rfe1 e4 30. f3 bxc4 31. fxe4 cxb3 32. Rd3 Rb5 33. Ree3 f4 34. Re2 Kg7 35. Rf2 e5 36. Rc3 Rd7 37. Rf1 Rb4 38. Re1 Rd6 39. h5 Kf6 40. g3 f3 41. Kf2 a5 42. Ke3 a4 43. Rc7 Rd4 44. Rec1 a3 45. bxa3 f2 46. Rh7 b2 47. Rb1 Kg5 48. Rg7+ Kf6 49. Rxg4 Kf7 50. Kxf2 Rb6 51. Rg6 Rb3 52. Kg2 Rd2+ 53. Kh3 Rf2 54. Rxh6 Rxa3 55. Rb6 Rff3 56. R1xb2 Rxg3+ 57. Kh4 Rge3 58. Rb7+ Ke8 59. Rh7 Rxe4+ 60. Kg5 Rg3+ 61. Kh6 1-0

[Event "Madrid-ch Previa-B"]
[Site "Madrid"]
[Date "2015.02.20"]
[Round "6"]
[White "Enfedaque Jimenez, Juan Carlos"]
[Black "Fernandez Rodriguez, Fernando Javier"]
[Result "1/2-1/2"]
[WhiteElo "1758"]
[BlackElo "1746"]
[PlyCount "52"]
[EventDate "2015.02.05"]
[EventType "swiss"]
[EventRounds "9"]
[EventCountry "ESP"]
[SourceTitle "EXT 2018"]
[Source "ChessBase"]
[SourceDate "2017.10.13"]
[SourceVersion "1"]
[SourceVersionDate "2017.10.13"]
[SourceQuality "1"]

1. e4 e6 2. d4 d5 3. e5 c5 4. c3 Nc6 5. Nf3 Qb6 6. a3 Nh6 7. Bd3 cxd4 8. cxd4 Nf5 9. Bxf5 exf5 10. Nc3 Be6 11. 0-0 h6 12. b4 Be7 13. Bb2 0-0 14. Na4 Qd8 15. Rc1 Rc8 16. Nc5 b6 17. Nd3 Qd7 18. Qe2 g5 19. Nd2 Rfe8 20. Qh5 Kh7 21. f4 g4 22. h3 Rg8 23. hxg4 Rxg4 24. Nf3 Rcg8 25. Rf2 Nb8 26. Rfc2 Bd8 1/2-1/2

[Event "Madrid-ch Previa-B"]
[Site "Madrid"]
[Date "2015.02.13"]
[Round "4"]
[White "Rottenwohrer Suarez, Juan"]
[Black "Fernandez Rodriguez, Fernando Javier"]
[Result "1/2-1/2"]
[WhiteElo "1640"]
[BlackElo "1746"]
[PlyCount "90"]
[EventDate "2015.02.05"]
[EventType "swiss"]
[EventRounds "9"]
[EventCountry "ESP"]
[SourceTitle "EXT 2018"]
[Source "ChessBase"]
[SourceDate "2017.10.13"]
[SourceVersion "1"]
[SourceVersionDate "2017.10.13"]
[SourceQuality "1"]

1. Nf3 Nf6 2. c4 g6 3. Nc3 Bg7 4. e4 d6 5. d4 0-0 6. Be2 e5 7. 0-0 Nbd7 8. Be3 Re8 9. d5 Ng4 10. Bg5 Ngf6 11. Nd2 h6 12. Be3 a5 13. a3 Nh7 14. b4 axb4 15. axb4 Rxa1 16. Qxa1 f5 17. f3 f4 18. Bf2 g5 19. c5 dxc5 20. bxc5 c6 21. Qa4 Qf6 22. Rd1 Bf8 23. Nb3 h5 24. dxc6 bxc6 25. Qc4+ Kh8 26. Na4 Nb8 27. Qc3 g4 28. Nb6 Be6 29. Nc4 Bxc4 30. Qxc4 Qg6 31. Bh4 Qg7 32. Rd3 Nd7 33. g3 Nhf6 34. Kg2 Be7 35. Qe6 Ra8 36. Rxd7 Nxd7 37. Qxd7 Bxh4 38. Qxg7+ Kxg7 39. gxh4 Ra2 40. Kf1 g3 41. hxg3 fxg3 42. Bc4 Rf2+ 43. Kg1 Rxf3 44. Kg2 Rc3 45. Na5 Kf6 1/2-1/2

[Event "Madrid-ch Previa-B"]
[Site "Madrid"]
[Date "2015.02.07"]
[Round "3"]
[White "Lopez Ziegler, Juan Jose"]
[Black "Fernandez Rodriguez, Fernando Javier"]
[Result "0-1"]
[WhiteElo "1573"]
[BlackElo "1746"]
[PlyCount "49"]
[EventDate "2015.02.05"]
[EventType "swiss"]
[EventRounds "9"]
[EventCountry "ESP"]
[SourceTitle "EXT 2018"]
[Source "ChessBase"]
[SourceDate "2017.10.13"]
[SourceVersion "1"]
[SourceVersionDate "2017.10.13"]
[SourceQuality "1"]

1. d4 Nf6 2. Nf3 g6 3. Bf4 Bg7 4. e3 d6 5. c4 0-0 6. Be2 c5 7. d5 b5 8. 0-0 Nh5 9. Nc3 Nxf4 10. exf4 b4 11. Na4 Qa5 12. a3 bxa3 13. Qb3 Bxb2 14. Nxb2 Qc7 15. Ra2 Na6 16. Nd3 Rb8 17. Qxa3 Rb6 18. Nd2 Bd7 19. Rb1 Rfb8 20. Rxb6 Rxb6 21. h3 Bf5 22. Nc1 Qb7 23. Ncb3 Nb4 24. Na5 Qa6 25. Ra1 0-1

[Event "Madrid Codes Memorial 8th"]
[Site "Madrid"]
[Date "2014.04.13"]
[Round "4"]
[White "Fernandez Rodriguez, Fernando Javier"]
[Black "Salgado Duarte, Pablo"]
[Result "1-0"]
[WhiteElo "1782"]
[BlackElo "1556"]
[PlyCount "53"]
[EventDate "2014.03.23"]
[EventType "swiss"]
[EventRounds "9"]
[EventCountry "ESP"]
[SourceTitle "EXT 2015"]
[Source "ChessBase"]
[SourceDate "2014.11.20"]
[SourceVersion "1"]
[SourceVersionDate "2014.11.20"]
[SourceQuality "1"]

1. d4 d5 2. c4 e6 3. Nc3 Nf6 4. cxd5 Nxd5 5. e4 Nf6 6. Bg5 Be7 7. Nf3 0-0 8. Qc2 Re8 9. 0-0-0 b6 10. d5 exd5 11. e5 Nfd7 12. Bxe7 Rxe7 13. Nxd5 Re6 14. Nc3 Bb7 15. Qf5 Qe7 16. Bc4 Bxf3 17. Qxf3 Rc6 18. Bd5 Nxe5 19. Qe3 Rxc3+ 20. Qxc3 c6 21. Bb3 Qg5+ 22. Kb1 Nbd7 23. Qg3 Qf6 24. f4 Re8 25. fxe5 Nxe5 26. Rhf1 Qe7 27. Rde1 1-0

[Event "Madrid Codes Memorial 8th"]
[Site "Madrid"]
[Date "2014.03.30"]
[Round "2"]
[White "Avendano Mateos, Jose"]
[Black "Fernandez Rodriguez, Fernando Javier"]
[Result "1-0"]
[WhiteElo "2042"]
[BlackElo "1782"]
[PlyCount "96"]
[EventDate "2014.03.23"]
[EventType "swiss"]
[EventRounds "9"]
[EventCountry "ESP"]
[SourceTitle "EXT 2015"]
[Source "ChessBase"]
[SourceDate "2014.11.20"]
[SourceVersion "1"]
[SourceVersionDate "2014.11.20"]
[SourceQuality "1"]

1. d4 Nf6 2. Nf3 d6 3. Bg5 Nbd7 4. Nbd2 c6 5. e4 e5 6. c3 Be7 7. Bd3 0-0 8. 0-0 a6 9. a4 b6 10. Re1 Bb7 11. Nf1 Qc7 12. Ng3 g6 13. Bc2 Rfe8 14. Bb3 c5 15. d5 b5 16. c4 bxc4 17. Bxc4 Nb6 18. b3 Nxc4 19. bxc4 Bc8 20. Rb1 Bd7 21. Bd2 Reb8 22. Qc2 a5 23. Ne2 Bd8 24. Nc3 Rxb1 25. Rxb1 Rb8 26. Rxb8 Qxb8 27. Nb5 Bxb5 28. cxb5 Qc7 29. Bg5 Nd7 30. Bxd8 Qxd8 31. Qc3 Qa8 32. Nd2 Nb6 33. Qc2 Qc8 34. Nc4 Nxc4 35. Qxc4 Qb7 36. Kf1 f6 37. Ke2 Kf7 38. Kd3 Ke7 39. Qc3 Qb6 40. Kc4 Kf7 41. Qh3 Kg7 42. Qd7+ Kh6 43. Qc6 Qb8 44. b6 Kg5 45. b7 Qa7 46. Kb5 c4 47. Qb6 Qb8 48. Kxc4 h5 1-0

[Event "Madrid-ch Previa-B"]
[Site "Madrid"]
[Date "2014.03.29"]
[Round "9"]
[White "Fernandez Rodriguez, Fernando Javier"]
[Black "Moreno Torrero, Javier"]
[Result "0-1"]
[WhiteElo "1782"]
[BlackElo "2036"]
[PlyCount "62"]
[EventDate "2014.03.06"]
[EventType "swiss"]
[EventRounds "9"]
[EventCountry "ESP"]
[SourceTitle "CBM 159 Extra"]
[Source "ChessBase"]
[SourceDate "2014.04.24"]
[SourceVersion "1"]
[SourceVersionDate "2014.04.24"]
[SourceQuality "1"]

1. d4 Nf6 2. c4 e6 3. Nc3 Bb4 4. e3 c5 5. Nge2 d5 6. a3 cxd4 7. exd4 Be7 8. cxd5 Nxd5 9. Nf4 Nxc3 10. bxc3 0-0 11. Bd3 Nd7 12. 0-0 Nf6 13. Re1 Qc7 14. Qb3 Bd6 15. g3 e5 16. Ne2 e4 17. Bc2 Bg4 18. Bf4 Bf3 19. Bxd6 Qxd6 20. Bd1 Qd7 21. Qc2 g5 22. Nf4 gxf4 23. Bxf3 exf3 24. Qd3 Qg4 25. Re5 Rfe8 26. Rf5 fxg3 27. hxg3 Qe4 28. Qxe4 Nxe4 29. Rxf3 Rac8 30. Re1 Kf8 31. Rb1 Nd2 0-1

[Event "Madrid Codes Memorial 8th"]
[Site "Madrid"]
[Date "2014.03.23"]
[Round "1"]
[White "Fernandez Rodriguez, Fernando Javier"]
[Black "Pablos Ceruelo, Oscar"]
[Result "1-0"]
[WhiteElo "1782"]
[BlackElo "1342"]
[PlyCount "53"]
[EventDate "2014.03.23"]
[EventType "swiss"]
[EventRounds "9"]
[EventCountry "ESP"]
[SourceTitle "EXT 2015"]
[Source "ChessBase"]
[SourceDate "2014.11.20"]
[SourceVersion "1"]
[SourceVersionDate "2014.11.20"]
[SourceQuality "1"]

1. d4 d5 2. c4 Nf6 3. cxd5 Nxd5 4. e4 Nf6 5. Nc3 Nc6 6. Nge2 e6 7. g3 a6 8. Bg2 e5 9. d5 Ne7 10. h3 Ng6 11. Be3 Bd6 12. 0-0 h5 13. f4 Bd7 14. Qd2 Qc8 15. f5 Nf8 16. Nd1 g6 17. fxg6 Be7 18. Bg5 Qd8 19. g7 Nxe4 20. gxh8Q Nxd2 21. Bxd2 Bc5+ 22. Kh1 Qe7 23. Qf6 Nh7 24. Qxe7+ Kxe7 25. Be3 Bxe3 26. Nxe3 Ng5 27. h4 1-0

[Event "Madrid-ch"]
[Site "Madrid"]
[Date "2014.02.21"]
[Round "6"]
[White "Fernandez Rodriguez, Fernando Javier"]
[Black "Bento Iglesias, Pablo"]
[Result "1/2-1/2"]
[WhiteElo "1782"]
[BlackElo "1601"]
[PlyCount "71"]
[EventDate "2014.02.06"]
[EventType "swiss"]
[EventRounds "9"]
[EventCountry "ESP"]
[SourceTitle "CBM 159 Extra"]
[Source "ChessBase"]
[SourceDate "2014.04.24"]
[SourceVersion "1"]
[SourceVersionDate "2014.04.24"]
[SourceQuality "1"]

1. d4 Nf6 2. Nf3 d5 3. Bf4 Bf5 4. e3 e6 5. Bd3 Bxd3 6. Qxd3 c6 7. 0-0 Bd6 8. Nbd2 0-0 9. h3 Qc7 10. Bh2 Nbd7 11. c4 Bxh2+ 12. Nxh2 Rad8 13. f4 c5 14. cxd5 Nxd5 15. Rac1 Rc8 16. Qe2 Qb6 17. e4 Ne7 18. Nc4 Qa6 19. dxc5 Rxc5 20. Qd2 Rxc4 21. Rxc4 Qxc4 22. Qxd7 Qc5+ 23. Kh1 b5 24. Rd1 h6 25. Qd6 Rc8 26. Qxc5 Rxc5 27. Nf3 Rc2 28. Rd2 Rxd2 29. Nxd2 Nc6 30. Nf3 f6 31. a3 Kf7 32. Kg1 Ke7 33. Kf2 Kd6 34. Ke3 a6 35. Kd3 g5 36. g3 1/2-1/2

[Event "Madrid-ch"]
[Site "Madrid"]
[Date "2014.02.08"]
[Round "3"]
[White "Garcia Serrano, Jose Manuel1111"]
[Black "Fernandez Rodriguez, Fernando Javier"]
[Result "1/2-1/2"]
[WhiteElo "1835"]
[BlackElo "1782"]
[PlyCount "42"]
[EventDate "2014.02.06"]
[EventType "swiss"]
[EventRounds "9"]
[EventCountry "ESP"]
[SourceTitle "CBM 159 Extra"]
[Source "ChessBase"]
[SourceDate "2014.04.24"]
[SourceVersion "1"]
[SourceVersionDate "2014.04.24"]
[SourceQuality "1"]

1. e4 e6 2. d4 d5 3. Nc3 Nf6 4. Bg5 Be7 5. e5 Nfd7 6. h4 h6 7. Bxe7 Qxe7 8. Qg4 0-0 9. Nf3 f5 10. Qg6 Qf7 11. Qxf7+ Rxf7 12. Nb5 Nb6 13. Be2 a6 14. Na3 Na4 15. 0-0-0 b5 16. c3 Nd7 17. Nc2 c5 18. dxc5 Ndxc5 19. Nfd4 Rc7 20. g4 Ne4 21. Rh2 f4 1/2-1/2

[Event "Mostoles op 6th"]
[Site "Mostoles"]
[Date "2013.07.16"]
[Round "1"]
[White "Fernandez Rodriguez, Fernando Javier"]
[Black "Fernandez Blazquez, Diego"]
[Result "0-1"]
[WhiteElo "1780"]
[BlackElo "2195"]
[PlyCount "56"]
[EventDate "2013.07.16"]
[EventType "swiss"]
[EventRounds "9"]
[EventCountry "ESP"]
[SourceTitle "EXT 2014"]
[Source "ChessBase"]
[SourceDate "2013.11.20"]
[SourceVersion "1"]
[SourceVersionDate "2013.11.20"]
[SourceQuality "1"]

1. d4 Nf6 2. Nf3 g6 3. c4 Bg7 4. Nc3 d5 5. Qb3 dxc4 6. Qxc4 0-0 7. e4 Na6 8. Be2 c5 9. d5 e6 10. Bg5 exd5 11. Nxd5 Be6 12. Rd1 Bxd5 13. Rxd5 Qa5+ 14. Rd2 Rfe8 15. Bxf6 Bxf6 16. 0-0 Re7 17. Rfd1 Rae8 18. Bd3 Nb4 19. Bb1 Nc6 20. Rd5 b6 21. b3 Nd4 22. Nxd4 Bxd4 23. Kf1 Qa3 24. Qc1 Qa6+ 25. Qc4 b5 26. Qd3 Rxe4 27. a4 R4e6 28. f3 Re3 0-1

[Event "Madrid Codes Memorial 7th"]
[Site "Madrid"]
[Date "2013.05.26"]
[Round "8"]
[White "Fernandez Rodriguez, Fernando Javier"]
[Black "Lopez Ziegler, Juan Jose"]
[Result "1/2-1/2"]
[WhiteElo "1760"]
[BlackElo "1515"]
[PlyCount "54"]
[EventDate "2013.04.07"]
[EventType "swiss"]
[EventRounds "9"]
[EventCountry "ESP"]
[SourceTitle "EXT 2014"]
[Source "ChessBase"]
[SourceDate "2013.11.20"]
[SourceVersion "1"]
[SourceVersionDate "2013.11.20"]
[SourceQuality "1"]

1. e4 c5 2. Nc3 g6 3. g3 Nc6 4. Bg2 d6 5. Nge2 Bg7 6. 0-0 Nf6 7. d3 Be6 8. Bd2 Nd7 9. Nf4 Nd4 10. Nxe6 Nxe6 11. Rb1 Nd4 12. Ne2 Rb8 13. c3 Nxe2+ 14. Qxe2 b5 15. Be3 Qc8 16. Rfc1 Ne5 17. d4 Nc4 18. b3 Nxe3 19. Qxe3 h5 20. e5 dxe5 21. dxe5 Qc7 22. e6 Qe5 23. exf7+ Kxf7 24. Qf3+ Bf6 25. Rb2 Qg5 26. Re1 h4 27. Rbe2 Kg7 1/2-1/2

[Event "Madrid Codes Memorial 7th"]
[Site "Madrid"]
[Date "2013.05.19"]
[Round "7"]
[White "Crespo Villalba, Israel"]
[Black "Fernandez Rodriguez, Fernando Javier"]
[Result "1-0"]
[WhiteElo "1921"]
[BlackElo "1760"]
[PlyCount "62"]
[EventDate "2013.04.07"]
[EventType "swiss"]
[EventRounds "9"]
[EventCountry "ESP"]
[SourceTitle "EXT 2014"]
[Source "ChessBase"]
[SourceDate "2013.11.20"]
[SourceVersion "1"]
[SourceVersionDate "2013.11.20"]
[SourceQuality "1"]

1. d4 d5 2. Nf3 Nf6 3. g3 e6 4. Bg2 Be7 5. 0-0 0-0 6. b3 c5 7. dxc5 Bxc5 8. Bb2 Nbd7 9. Nbd2 b6 10. c4 Bb7 11. Ne1 Be7 12. cxd5 Bxd5 13. e4 Bb7 14. e5 Nd5 15. Nef3 Rc8 16. Rc1 Nc5 17. Nc4 b5 18. Nd6 Bxd6 19. exd6 f6 20. Nd4 Qd7 21. Bh3 f5 22. Qe2 Ba6 23. Rxc5 Rxc5 24. Nxe6 Qxd6 25. Nxc5 Qxc5 26. Qe6+ Kh8 27. Qxa6 f4 28. Rc1 Qe7 29. Qe6 fxg3 30. hxg3 Qxe6 31. Bxe6 Nb4 1-0

[Event "Madrid Codes Memorial 7th"]
[Site "Madrid"]
[Date "2013.05.12"]
[Round "6"]
[White "Fernandez Rodriguez, Fernando Javier"]
[Black "Garcia De Quesada, Ignacio"]
[Result "1-0"]
[WhiteElo "1760"]
[BlackElo "1926"]
[PlyCount "39"]
[EventDate "2013.04.07"]
[EventType "swiss"]
[EventRounds "9"]
[EventCountry "ESP"]
[SourceTitle "EXT 2014"]
[Source "ChessBase"]
[SourceDate "2013.11.20"]
[SourceVersion "1"]
[SourceVersionDate "2013.11.20"]
[SourceQuality "1"]

1. e4 c5 2. Nf3 Nc6 3. d4 cxd4 4. Nxd4 Nf6 5. Nc3 e5 6. Ndb5 d6 7. Bg5 a6 8. Na3 b5 9. Nd5 Be7 10. Nxe7 Qxe7 11. c4 b4 12. Nc2 h6 13. Bh4 g5 14. Bg3 Nxe4 15. Qd5 Nxg3 16. Qxc6+ Kd8 17. hxg3 Bb7 18. Qb6+ Qc7 19. Qxc7+ Kxc7 20. Nxb4 1-0

[Event "Madrid-ch Previa-B"]
[Site "Madrid"]
[Date "2013.02.23"]
[Round "9"]
[White "Fernandez Rodriguez, Fernando Javier"]
[Black "Canseco Arenas, Alfonso"]
[Result "1-0"]
[WhiteElo "1733"]
[BlackElo "1706"]
[PlyCount "63"]
[EventDate "2013.02.01"]
[EventType "swiss"]
[EventRounds "9"]
[EventCountry "ESP"]
[SourceTitle "CBM 152 Extra"]
[Source "ChessBase"]
[SourceDate "2013.02.25"]
[SourceVersion "1"]
[SourceVersionDate "2013.02.25"]
[SourceQuality "1"]

1. e4 d6 2. d4 Nf6 3. Nc3 c6 4. a4 Bg4 5. Be2 Bxe2 6. Ngxe2 e6 7. Bg5 Qa5 8. Bd2 Qh5 9. Ng3 Qg6 10. Qf3 Nbd7 11. 0-0-0 c5 12. dxc5 Nxc5 13. Be3 a6 14. Bxc5 dxc5 15. Kb1 Nd7 16. Qe3 Be7 17. f4 Qh6 18. Qf3 Nb6 19. e5 Rb8 20. f5 Nc4 21. Qe2 Ne3 22. Rd3 Nxf5 23. Nxf5 exf5 24. Nd5 Bd8 25. Ne3 Qf4 26. Rf1 Qxa4 27. Nxf5 0-0 28. Ra3 Qc6 29. Rg3 g6 30. Qh5 Kh8 31. Qh6 Rg8 32. Rh3 1-0

[Event "Madrid-ch Previa-B"]
[Site "Madrid"]
[Date "2013.02.07"]
[Round "3"]
[White "Arroyo Fernandez, Francisco J"]
[Black "Fernandez Rodriguez, Fernando Javier"]
[Result "1/2-1/2"]
[WhiteElo "1840"]
[BlackElo "1733"]
[PlyCount "44"]
[EventDate "2013.02.01"]
[EventType "swiss"]
[EventRounds "9"]
[EventCountry "ESP"]
[SourceTitle "CBM 152 Extra"]
[Source "ChessBase"]
[SourceDate "2013.02.25"]
[SourceVersion "1"]
[SourceVersionDate "2013.02.25"]
[SourceQuality "1"]

1. d4 d5 2. Bf4 Nf6 3. e3 e6 4. Nd2 Bd6 5. Bxd6 Qxd6 6. f4 c5 7. c3 Nc6 8. Bd3 b6 9. Nh3 Bb7 10. 0-0 Nd7 11. Ng5 h6 12. Qh5 Qe7 13. Ngf3 0-0-0 14. Ne5 Ndxe5 15. fxe5 f5 16. a4 g5 17. Qe2 h5 18. Bb5 g4 19. Bxc6 Bxc6 20. a5 Qb7 21. b4 c4 22. axb6 axb6 1/2-1/2

[Event "Madrid Oliver Gonzalez Memorial-B 3rd"]
[Site "Madrid"]
[Date "2012.09.08"]
[Round "8"]
[White "Morona Minguez, Miguel"]
[Black "Fernandez Rodriguez, Fernando Javier"]
[Result "1/2-1/2"]
[WhiteElo "1631"]
[BlackElo "1728"]
[PlyCount "34"]
[EventDate "2012.09.01"]
[EventType "swiss"]
[EventRounds "9"]
[EventCountry "ESP"]
[SourceTitle "CBM 150 Extra"]
[Source "ChessBase"]
[SourceDate "2012.10.19"]
[SourceVersion "1"]
[SourceVersionDate "2012.10.19"]
[SourceQuality "1"]

1. e4 e5 2. Nf3 Nc6 3. Bb5 a6 4. Ba4 Nf6 5. 0-0 b5 6. Bb3 Be7 7. c3 d6 8. d3 Na5 9. Bc2 c5 10. Nbd2 0-0 11. Re1 Bd7 12. Nf1 Qc7 13. Ng3 Rfe8 14. Bg5 h6 15. Bxf6 Bxf6 16. Qd2 Nc6 17. h3 Rad8 1/2-1/2